| 000 | 01078nam0a22002771 4500 | ||
|---|---|---|---|
| 001 | rc\4540229 | ||
| 005 | 20260407192736.0 | ||
| 021 |
_aRU _bРг4765-65 |
||
| 035 | _a(NLR Aleph) 008360065 | ||
| 090 |
_a8992611 _c8992611 |
||
| 100 | _a20130416d1965 |||y0rusy50 ca | ||
| 101 | 0 | _arus | |
| 102 | _aRU | ||
| 105 | _ay z ||||| | ||
| 200 | 1 |
_aВеликий подвиг советского народа _fЛекторская группа Рост. обкома КПСС. Рост. обл. организация о-ва "Знание". РСФСР |
|
| 210 |
_aРостов-на-Дону _cБ. и. _d1965 |
||
| 215 |
_a30 с. _d20 |
||
| 225 | 1 | _aМатериал в помощь лекторам, докладчикам, пропагандистам | |
| 300 | _aАвт. указан в вып. дан. | ||
| 700 | 1 |
_aКокшаров _bА.В. |
|
| 712 | 0 | 2 |
_aКПСС _bРостовский областной комитет _3RU\NLR\AUTH\8810126297 _9749955 |
| 801 | 0 |
_aRU _bNLR _gpsbo |
|
| 801 | 1 |
_aRU _bELAR _2rusmarc |
|
| 852 |
_aNLR _j65-4/8830 |
||
| 942 | _cBOOK | ||
| 980 | _aNB | ||